TENWEK HOSP HOME | SOC  | ASK A LIBRARIANSTAFF LOGIN  |  DIGITAL REPOSITORYe-BOOK PORTAL  |  OFF-CAMPUS PORTAL  |  DONATE

The management of patient care : (Record no. 2234)

MARC details
000 -LEADER
fixed length control field 00976cam a2200313 i 4500
001 - CONTROL NUMBER
control field 4108717
003 - CONTROL NUMBER IDENTIFIER
control field Ke-BoTe
005 - DATE AND TIME OF LATEST TRANSACTION
control field 20220506142415.0
008 - FIXED-LENGTH DATA ELEMENTS--GENERAL INFORMATION
fixed length control field 751204s1976 paua b 001 0 eng
010 ## - LIBRARY OF CONGRESS CONTROL NUMBER
LC control number 75038153
020 ## - INTERNATIONAL STANDARD BOOK NUMBER
International Standard Book Number 0721655289
040 ## - CATALOGING SOURCE
Original cataloging agency DLC
Transcribing agency DLC
Modifying agency DLC
050 10 - LIBRARY OF CONGRESS CALL NUMBER
Classification number RT89
Item number .K74 1976
060 ## - NATIONAL LIBRARY OF MEDICINE CALL NUMBER
Classification number WY105 K93n
082 00 - DEWEY DECIMAL CLASSIFICATION NUMBER
Classification number 610.73
100 1# - MAIN ENTRY--PERSONAL NAME
Personal name Kron, Thora.
9 (RLIN) 4461
245 14 - TITLE STATEMENT
Title The management of patient care :
Remainder of title putting leadership skills to work /
Statement of responsibility, etc. Thora Kron.
250 ## - EDITION STATEMENT
Edition statement 4th ed.
260 ## - PUBLICATION, DISTRIBUTION, ETC.
Place of publication, distribution, etc. Philadelphia :
Name of publisher, distributor, etc. Saunders,
Date of publication, distribution, etc. 1976.
300 ## - PHYSICAL DESCRIPTION
Extent viii, 247 p. :
Other physical details ill. ;
Dimensions 24 cm.
500 ## - GENERAL NOTE
General note First-2d ed. published under title: Nursing team leadership.
504 ## - BIBLIOGRAPHY, ETC. NOTE
Bibliography, etc. note Includes bibliographies and index.
650 #0 - SUBJECT ADDED ENTRY--TOPICAL TERM
Topical term or geographic name entry element Nursing services
General subdivision Administration.
9 (RLIN) 239
650 #0 - SUBJECT ADDED ENTRY--TOPICAL TERM
Topical term or geographic name entry element Team nursing.
9 (RLIN) 4308
650 #0 - SUBJECT ADDED ENTRY--TOPICAL TERM
Topical term or geographic name entry element Leadership.
9 (RLIN) 14
650 #2 - SUBJECT ADDED ENTRY--TOPICAL TERM
Topical term or geographic name entry element Nursing, Supervisory.
9 (RLIN) 4462
906 ## - LOCAL DATA ELEMENT F, LDF (RLIN)
a 7
b cbc
c orignew
d 1
e ocip
f 19
g y-gencatlg
942 ## - ADDED ENTRY ELEMENTS (KOHA)
Source of classification or shelving scheme Library of Congress Classification
Koha item type Books
Suppress in OPAC No
Holdings
Withdrawn status Lost status Source of classification or shelving scheme Damaged status Not for loan Collection code Home library Current library Shelving location Date acquired Total Checkouts Full call number Barcode Date last seen Price effective from Koha item type
    Library of Congress Classification     Non-fiction SCHOOL OF HEALTH SCIENCES SCHOOL OF HEALTH SCIENCES General Stacks 06.05.2022   RT89.K74 1976 00001931 06.05.2022 06.05.2022 Books